000 00530nam a2200217Ia 4500
003 OSt
005 20220928135332.0
006 a|||||r|||| 00| 0
007 ta
008 220927b |||||||| |||| 00| 0 eng d
024 _a1216
037 _cTextual
040 _aSDCL
_cSDCL
_beng
041 _2eng
_aeng
082 _aO-v'N, L3
100 _aQuennell Peter
_9410901
245 0 _aHistory of English literature
260 _c1973
942 _hO-v'N, L3
_cTEXL
_2CC
999 _c805114
_d805114